| 000 | 00691nam a22002057a 4500 | ||
|---|---|---|---|
| 999 |
_c22680 _d22680 |
||
| 003 | AR-CdUCM | ||
| 008 | 190306b ||||| |||| 00| 0 spa d | ||
| 020 | _a9786124885419 | ||
| 040 |
_aMUNICIPALIDAD PROVINCIAL DEL CUSCO _cBIBLIOTECA MUNICIPAL DEL CUSCO |
||
| 082 |
_a869.57/L33E _bL33E |
||
| 100 |
_aLeal, Bartolomé _948862 |
||
| 245 |
_aEl escriba de San Blas : _bUn thriller andino / |
||
| 260 |
_aLima : _bAlmandino editores, _c2022. |
||
| 300 |
_a205 páginas ; _c21 cm |
||
| 500 | _aImagen de portada basada en la antigua envoltura de chocolate cusqueño América | ||
| 650 |
_aLiteratura cusqueña _944229 |
||
| 650 |
_aLiteratura _948863 |
||
| 942 |
_2ddc _cLIBROS |
||
| 945 | _arac | ||